Rozvoj znalostnej ekonomiky a rast konkurencieschopnosti v kontexte so sociálnou vednotechnickou a inovačnou politikou
Rozvoj znalostnej ekonomiky a rast konkurencieschopnosti si vyžaduje plne využiť talent a znalosti ľudí, ich schopnosť pracovať s neustále novými informáciami, tvoriť nové poznatky, špičkové technológie a využívať ich v praxi. Kľúčové pre rozvoj znalostnej ekonomiky a rast konkurencieschopnosti sa s...
Salvato in:
| Autore principale: | |
|---|---|
| Natura: | Capitolo di libro |
| Lingua: | slovacco |
| Soggetti: | |
| Tags: |
Nessun Tag, puoi essere il primo ad aggiungerne!!
|
MARC
| LEADER | 00000nla$a2200000$$$4500 | ||
|---|---|---|---|
| 001 | 0096228 | ||
| 005 | 20240502072052.4 | ||
| 041 | 0 | |a slo | |
| 044 | |a SK | ||
| 245 | 1 | 0 | |a Rozvoj znalostnej ekonomiky a rast konkurencieschopnosti v kontexte so sociálnou vednotechnickou a inovačnou politikou |c Vladimír Mikulec |
| 520 | |a Rozvoj znalostnej ekonomiky a rast konkurencieschopnosti si vyžaduje plne využiť talent a znalosti ľudí, ich schopnosť pracovať s neustále novými informáciami, tvoriť nové poznatky, špičkové technológie a využívať ich v praxi. Kľúčové pre rozvoj znalostnej ekonomiky a rast konkurencieschopnosti sa stávajú oblasti ako veda, výskum a inovácie, informačná spoločnosť; podnikateľské prostredie, vzdelanie a zamestnanosť. Rozvoj uvedených oblastí je cieľom sociálnej, vedno technickej a inovačnej politiky. | ||
| 610 | 2 | 0 | |a ekonomika vedomostná |
| 610 | 2 | 0 | |a konkurencieschopnosť |
| 610 | 2 | 0 | |a veda |
| 610 | 2 | 0 | |a výskum |
| 610 | 2 | 0 | |a inovácia |
| 610 | 2 | 0 | |a spoločnosť informačná |
| 610 | 2 | 0 | |a vzdelanie |
| 610 | 2 | 0 | |a zamestnanosť |
| 610 | 2 | 0 | |a politika sociálna |
| 610 | 2 | 0 | |a politika vedeckotechnická |
| 100 | 1 | |a Mikulec, Vladimír | |